000 00559nam a2200193Ia 4500
003 LDD
008 190117s9999 xx 000 0 und d
020 _c₹65
040 _cLDD
041 _ahi
082 _a8H3.7 य 6925 झू-5
100 _aयशपाल
245 0 _aझूठा सच भाग 2
_cयशपाल
246 _ajutha sach bhge 2
_b देश का भविष्य
250 _a5 वाँ सं.
260 _aइलाहाबाद
_bलोकभारती
_c1983
300 _a616प्र.
942 _2ddc
_cH
999 _c167566
_d167566